LIBRARY & INFORMATION CENTRE, KCAET, TAVANUR

ONLINE PUBLIC ACCESS CATALOGUE (OPAC)

Modern economic history of England, America and Russia (Record no. 17577)

MARC details
000 -LEADER
fixed length control field 00298nam a22001217a 4500
003 - CONTROL NUMBER IDENTIFIER
control field OSt
008 - FIXED-LENGTH DATA ELEMENTS--GENERAL INFORMATION
fixed length control field 221107b |||||||| |||| 00| 0 eng d
041 ## - LANGUAGE CODE
Language code of text/sound track or separate title eng
082 ## - DEWEY DECIMAL CLASSIFICATION NUMBER
Classification number 330.9
Item number VIS/MO
100 ## - MAIN ENTRY--AUTHOR NAME
Personal name Visvanathan
245 ## - TITLE STATEMENT
Title Modern economic history of England, America and Russia
942 ## - ADDED ENTRY ELEMENTS (KOHA)
Koha item type Books
Holdings
Withdrawn status Lost status Damaged status Home library Current library Date acquired Full call number Accession Number Koha item type
Withdrawn     KAUAET KAUAET 07/11/2022 330.9 VIS/MO 7746 Books
free website counter